| 000 | 00962nam a2200349 a 4500 | ||
|---|---|---|---|
| 003 | AR-BaBNM | ||
| 005 | 20251128203507.0 | ||
| 008 | 082120s2002 ||||||||||||||000 | spa|| | ||
| 020 | _a968-13-0384-9 | ||
| 040 | _cAR-BaBNM | ||
| 100 | 1 | _aWuthenau, Alexander von | |
| 245 | 0 | 0 | _aAmérica crisol de las razas del mundo |
| 250 | _a1ª ed. | ||
| 260 |
_aMéxico, D.F. _bDiana _c1985 |
||
| 300 |
_a299 p. _bláms., il., mapas |
||
| 500 | _aContiene apéndice documental p. 241-299 | ||
| 650 | 4 | _aARTE | |
| 650 | 4 | _aANTROPOLOGIA | |
| 650 | 4 | _aHISTORIA CULTURAL | |
| 650 | 4 | _aSOCIEDAD | |
| 650 | 4 | _aECONOMIA | |
| 650 | 4 | _aRELIGION | |
| 650 | 4 | _aHISTORIA LATINOAMERICANA | |
| 650 | 4 | _aPOBLACIONES ABORIGENES | |
| 650 | 4 | _aANTROPOLOGIA CULTURAL Y SOCIAL | |
| 650 | 4 | _aCOSTUMBRES Y TRADICIONES | |
| 650 | 4 | _aETNOGRAFIA | |
| 700 | 1 |
_aTeixidor, Felipe _eprologuista |
|
| 700 | 1 |
_aVázquez V., Jaime _etraductor |
|
| 942 | _cBK | ||
| 998 | _cmariana | ||
| 999 |
_c3641 _d3641 |
||